Estadísticas para Condados catalanes

Haz click aquí para intentar la prueba.

Estadísticas generales

  • Esta prueba ha sido intentada 109 veces
  • La puntuación promedio es 5 de 13

Estadísticas de respuestas

Condados% Correcto
Barcelona
95%
Gerona
80%
Urgel
65%
Cerdaña
46%
Osona
38%
Rosellón
36%
Besalú
33%
Manresa
33%
Ampurias
32%
Berga
26%
Conflent
19%
Pallars Jussá
15%
Pallars Sobirá
15%

Distribución de puntuación

Porcentaje por número respondido

Porcentaje de gente con cada puntuación

Historial de tus puntuaciones

No has intentado esta prueba.